[Event "19. Int. Boeblinger Open 2002"]
[Site "Boeblingen"]
[Date "2002.12.26"]
[Round "1"]
[White "Gustafsson, Jan"]
[Black "Hauns, Harald"]
[Result "1-0"]
[WhiteElo "2554"]
[BlackElo "1902"]
[PlyCount "65"]
[EventDate "2002.??.??"]

1. d4 d5 2. c4 Bf5 3. cxd5 Bxb1 4. Qa4+ c6 5. dxc6 Nxc6 6. Rxb1 e5 7. Bd2 Qxd4
8. Qxd4 exd4 9. g3 Bd6 10. Bg2 Nge7 11. Nh3 O-O 12. Nf4 Rfe8 13. Nd3 Ng6 14. f4
Rac8 15. Kf2 Nce7 16. Bxb7 Rc2 17. Rhd1 Nf5 18. Rbc1 Ne3 19. Bxe3 dxe3+ 20. Kf3
Rd2 21. Rxd2 exd2 22. Rd1 Bc7 23. Rxd2 Bb6 24. e4 Re7 25. Bd5 Rc7 26. Bb3 Rd7
27. Ke2 Rd4 28. Kf3 Kf8 29. Rd1 Ne7 30. Ne5 Rxd1 31. Bxd1 Bd4 32. Nd3 f5 33.
exf5 1-0

[Event "19. Int. Boeblinger Open 2002"]
[Site "Boeblingen"]
[Date "2002.12.26"]
[Round "1"]
[White "Schulte, Herbert"]
[Black "Jaracz, Pawel"]
[Result "0-1"]
[WhiteElo "1899"]
[BlackElo "2545"]
[PlyCount "70"]
[EventDate "2002.??.??"]

1. d4 Nf6 2. c4 e6 3. Nc3 Bb4 4. Nf3 b6 5. e3 Bb7 6. Be2 O-O 7. O-O Bxc3 8.
bxc3 c5 9. Ba3 d6 10. Nd2 Nc6 11. Bf3 Qd7 12. Rb1 Rac8 13. Ne4 Nxe4 14. Bxe4
Na5 15. Bxb7 Qxb7 16. d5 Nxc4 17. Bc1 exd5 18. Qc2 Ne5 19. Rd1 c4 20. Ba3 Qc6
21. Rd4 Nd3 22. Qd1 Rfe8 23. Bc1 Re4 24. Bd2 b5 25. a3 h6 26. Qh5 Re5 27. Qf3
Rce8 28. Qg3 Re4 29. f3 Rxd4 30. exd4 Re6 31. Kf1 Qa6 32. f4 Qxa3 33. f5 Rf6
34. Kg1 Qa2 35. Rd1 Qc2 0-1

[Event "19. Int. Boeblinger Open 2002"]
[Site "Boeblingen"]
[Date "2002.12.26"]
[Round "1"]
[White "Aidam, Guenter"]
[Black "Horvath, Joszef"]
[Result "0-1"]
[WhiteElo "1892"]
[BlackElo "2514"]
[PlyCount "62"]
[EventDate "2002.??.??"]

1. e4 c5 2. Nf3 e6 3. d4 cxd4 4. Nxd4 a6 5. Bd3 Bc5 6. Nb3 Be7 7. O-O d6 8. Qe2
Nd7 9. f4 Qc7 10. Be3 Ngf6 11. c4 b6 12. Nc3 Bb7 13. Rac1 Rc8 14. h3 O-O 15. g4
Nc5 16. Nxc5 bxc5 17. f5 Rfe8 18. fxe6 fxe6 19. g5 Nd7 20. e5 Nxe5 21. Bxh7+
Kxh7 22. Qh5+ Kg8 23. g6 Nxg6 24. Qxg6 Bh4 25. Rf4 Qe7 26. Rg4 Bf3 27. Ne4 Bxg4
28. Qxg4 Rf8 29. Nxd6 Qxd6 30. Qxh4 Rf3 31. Bf2 Rcf8 0-1

[Event "19. Int. Boeblinger Open 2002"]
[Site "Boeblingen"]
[Date "2002.12.26"]
[Round "1"]
[White "Galdunts, Sergey"]
[Black "Sieker, Roland"]
[Result "1-0"]
[WhiteElo "2486"]
[BlackElo "1892"]
[PlyCount "45"]
[EventDate "2002.??.??"]

1. e4 e5 2. Nf3 d6 3. d4 Nd7 4. Bc4 c6 5. O-O Be7 6. dxe5 dxe5 7. Ng5 Bxg5 8.
Qh5 g6 9. Qxg5 Qxg5 10. Bxg5 h6 11. Be3 Ngf6 12. f3 Nf8 13. Nd2 b6 14. Rfd1 Ke7
15. a4 Ne6 16. Bf1 Ne8 17. Nc4 f6 18. Rd2 c5 19. Rad1 Nd4 20. c3 Nc6 21. a5 b5
22. Bxc5+ Ke6 23. Nd6 1-0

[Event "19. Int. Boeblinger Open 2002"]
[Site "Boeblingen"]
[Date "2002.12.26"]
[Round "1"]
[White "Stein, Carsten"]
[Black "Schenk, Andreas"]
[Result "0-1"]
[WhiteElo "1887"]
[BlackElo "2479"]
[PlyCount "46"]
[EventDate "2002.??.??"]

1. e4 e6 2. d4 d5 3. exd5 exd5 4. Nf3 Nc6 5. c3 Bd6 6. Bd3 Nge7 7. Qc2 Bg4 8.
Nbd2 Qd7 9. O-O h5 10. Re1 O-O-O 11. Ne5 Bxe5 12. dxe5 f6 13. exf6 gxf6 14. Nb3
Rdg8 15. Bf4 Bh3 16. Bg3 h4 17. gxh3 Ne5 18. Re3 Qxh3 19. Bf1 Qg4 20. Be2 Qf4
21. Kf1 hxg3 22. hxg3 Rh1+ 23. Kg2 Rh2+ 0-1

[Event "19. Int. Boeblinger Open 2002"]
[Site "Boeblingen"]
[Date "2002.12.26"]
[Round "1"]
[White "Farago, Ivan"]
[Black "Bonsen, Andreas"]
[Result "1-0"]
[WhiteElo "2474"]
[BlackElo "1880"]
[PlyCount "49"]
[EventDate "2002.??.??"]

1. d4 d5 2. c4 c6 3. Nf3 e6 4. e3 f5 5. Bd3 Nf6 6. O-O Bd6 7. b3 Qe7 8. a4 O-O
9. Ba3 Bxa3 10. Nxa3 Ne4 11. Qb1 a5 12. Nc2 Na6 13. c5 Rf6 14. b4 Nxb4 15. Nxb4
axb4 16. Qxb4 Rh6 17. Bxe4 dxe4 18. Ne5 Qh4 19. h3 g5 20. Qb6 g4 21. Qc7 Qh5
22. Qd8+ Kg7 23. Qe7+ Kg8 24. h4 Rg6 25. Qf7+ 1-0

[Event "19. Int. Boeblinger Open 2002"]
[Site "Boeblingen"]
[Date "2002.12.26"]
[Round "1"]
[White "Filipovic, Branko"]
[Black "Seidenschwarz, Holger"]
[Result "1-0"]
[WhiteElo "2446"]
[BlackElo "1876"]
[PlyCount "39"]
[EventDate "2002.??.??"]

1. e4 e6 2. d4 d5 3. Nd2 Nf6 4. e5 Nfd7 5. Bd3 c5 6. c3 Nc6 7. Ngf3 Be7 8. O-O
O-O 9. Re1 cxd4 10. cxd4 Qb6 11. Nf1 f6 12. Ng3 fxe5 13. dxe5 Ndxe5 14. Nxe5
Qxf2+ 15. Kh1 Nxe5 16. Rxe5 Bd6 17. Be3 Qf6 18. Rg5 Bf4 19. Bxf4 Qxf4 20. Rxg7+
1-0

[Event "19. Int. Boeblinger Open 2002"]
[Site "Boeblingen"]
[Date "2002.12.26"]
[Round "1"]
[White "Gheng, Josef"]
[Black "Kocijan, Andrej"]
[Result "1-0"]
[WhiteElo "2314"]
[BlackElo "1860"]
[PlyCount "77"]
[EventDate "2002.??.??"]

1. e4 c5 2. Nf3 Nc6 3. Bb5 e6 4. O-O Nge7 5. Re1 a6 6. Bf1 Ng6 7. c3 Qc7 8. d4
cxd4 9. cxd4 Bb4 10. Nc3 O-O 11. Bd2 Bxc3 12. Bxc3 d5 13. Rc1 f5 14. exd5 exd5
15. Qb3 Qf7 16. Ng5 Qd7 17. Ne6 Rf6 18. Nc5 Qf7 19. Be2 Rd6 20. Bh5 f4 21. g3
Rb8 22. Nd3 fxg3 23. hxg3 Qf5 24. Nf4 Bd7 25. Bxg6 hxg6 26. Bb4 Nxb4 27. Qxb4
Rf6 28. Re5 Qg4 29. Nxd5 Rxf2 30. Ne7+ Kh7 31. Kxf2 Rf8+ 32. Nf5 Bxf5 33. Rh1+
Kg8 34. Rh4 Qd1 35. Rf4 Rc8 36. Qb3+ Qxb3 37. axb3 Bh3 38. d5 g5 39. Rd4 1-0

[Event "19. Int. Boeblinger Open 2002"]
[Site "Boeblingen"]
[Date "2002.12.26"]
[Round "1"]
[White "Jekel, Wolfgang"]
[Black "Berger, Steve"]
[Result "0-1"]
[WhiteElo "1852"]
[BlackElo "2312"]
[PlyCount "30"]
[EventDate "2002.??.??"]

1. d4 Nf6 2. Bg5 c5 3. d5 Ne4 4. h4 h6 5. Bf4 e6 6. dxe6 fxe6 7. Qd3 d5 8. f3
c4 9. Qd1 Bd6 10. Bxd6 Nxd6 11. e4 Qb6 12. b3 cxb3 13. axb3 dxe4 14. Nd2 O-O
15. fxe4 Qf2# 0-1

[Event "19. Int. Boeblinger Open 2002"]
[Site "Boeblingen"]
[Date "2002.12.26"]
[Round "1"]
[White "Gasthofer, Alexander"]
[Black "Werner, Holger"]
[Result "1-0"]
[WhiteElo "2302"]
[BlackElo "1843"]
[PlyCount "31"]
[EventDate "2002.??.??"]

1. Nf3 d5 2. g3 Nf6 3. Bg2 Bg4 4. c4 e6 5. Qb3 Nc6 6. Qxb7 Na5 7. Qb5+ c6 8.
Qa4 Rb8 9. cxd5 Rb4 10. Qc2 Rc4 11. Nc3 cxd5 12. Ne5 Bf5 13. d3 Bc5 14. Nxc4
dxc4 15. Qa4+ Kf8 16. O-O 1-0

[Event "19.Int. Boeblinger Open 2002"]
[Site "Boeblingen"]
[Date "2002.12.26"]
[Round "2"]
[White "Schmied, Andreas"]
[Black "Gustafsson, Jan"]
[Result "0-1"]
[WhiteElo "2128"]
[BlackElo "2554"]
[PlyCount "46"]
[EventDate "2002.??.??"]

1. e4 e5 2. Nf3 Nc6 3. Bb5 a6 4. Ba4 Nf6 5. O-O Bc5 6. c3 b5 7. Bc2 d5 8. d3 h6
9. Nbd2 O-O 10. h3 Re8 11. Re1 Ba7 12. Nb3 Be6 13. exd5 Bxd5 14. Be3 Bxe3 15.
Rxe3 Qd6 16. Qe2 Nh5 17. g3 f5 18. d4 e4 19. Ne5 Nf6 20. Ng6 Bc4 21. Qd2 Nd5
22. Nh4 Nxe3 23. Qxe3 Ne7 0-1

[Event "19.Int. Boeblinger Open 2002"]
[Site "Boeblingen"]
[Date "2002.12.26"]
[Round "2"]
[White "Jaracz, Pawel"]
[Black "Bogner, Norbert"]
[Result "1-0"]
[WhiteElo "2545"]
[BlackElo "2129"]
[PlyCount "43"]
[EventDate "2002.??.??"]

1. e4 c5 2. Nf3 d6 3. d4 cxd4 4. Nxd4 Nf6 5. Nc3 a6 6. Be3 e6 7. f3 Nbd7 8. g4
h6 9. Qd2 b5 10. O-O-O Bb7 11. h4 b4 12. Na4 Qa5 13. b3 Rc8 14. Kb1 Nc5 15.
Nxc5 dxc5 16. Ne2 Be7 17. Bh3 Rd8 18. Qc1 Nd7 19. g5 hxg5 20. hxg5 Qb5 21. Nf4
Nf8 22. Bf1 1-0

[Event "19.Int. Boeblinger Open 2002"]
[Site "Boeblingen"]
[Date "2002.12.26"]
[Round "2"]
[White "Horvath, Joszef"]
[Black "Wuest, Michael"]
[Result "1-0"]
[WhiteElo "2514"]
[BlackElo "2127"]
[PlyCount "65"]
[EventDate "2002.??.??"]

1. c4 e6 2. Nf3 d5 3. b3 Nf6 4. g3 Be7 5. Bg2 O-O 6. O-O c5 7. Bb2 Nc6 8. e3 b6
9. Nc3 Bb7 10. cxd5 Nxd5 11. Nxd5 exd5 12. d4 Bf6 13. Qd2 cxd4 14. Nxd4 Nxd4
15. Bxd4 Bxd4 16. Qxd4 Rc8 17. Rfd1 h6 18. a4 Re8 19. Bxd5 Bxd5 20. Qxd5 Qf6
21. Rac1 Rxc1 22. Rxc1 Rd8 23. Qe4 g6 24. Rc4 Rd2 25. Qe8+ Kg7 26. Rf4 Qe6 27.
Qxe6 fxe6 28. b4 Ra2 29. b5 g5 30. Rc4 Kf6 31. h4 Kf5 32. Kg2 g4 33. Rf4+ 1-0

[Event "19.Int. Boeblinger Open 2002"]
[Site "Boeblingen"]
[Date "2002.12.26"]
[Round "2"]
[White "Schenk, Andreas"]
[Black "Gerhardt, Peter-Michael"]
[Result "1-0"]
[WhiteElo "2479"]
[BlackElo "2124"]
[PlyCount "43"]
[EventDate "2002.??.??"]

1. d4 Nf6 2. Bg5 g6 3. Bxf6 exf6 4. e3 Bg7 5. c4 f5 6. Nc3 O-O 7. g3 d6 8. Bg2
c5 9. Nge2 Nc6 10. dxc5 dxc5 11. O-O Be6 12. Nd5 Qa5 13. Qc2 Rad8 14. Nef4 Rd7
15. a3 Qd8 16. Rad1 Ne7 17. Rd2 g5 18. Nh5 Nxd5 19. cxd5 Rd6 20. Nxg7 Kxg7 21.
dxe6 Rxd2 22. Qc3+ 1-0

[Event "19.Int. Boeblinger Open 2002"]
[Site "Boeblingen"]
[Date "2002.12.26"]
[Round "2"]
[White "Jacobi, Henry"]
[Black "Farago, Ivan"]
[Result "0-1"]
[WhiteElo "2121"]
[BlackElo "2474"]
[PlyCount "92"]
[EventDate "2002.??.??"]

1. c4 Nf6 2. g3 c6 3. Nc3 d5 4. cxd5 cxd5 5. d4 Nc6 6. Bg2 Bf5 7. Nf3 e6 8. O-O
Be7 9. Qb3 a6 10. Bf4 b5 11. Rac1 O-O 12. Nxd5 Nxd5 13. Rxc6 Nxf4 14. gxf4 Be4
15. Rcc1 Bd5 16. Qc2 Rc8 17. Qb1 Qb6 18. e3 Qb7 19. Ng5 Bxg5 20. Bxd5 Qxd5 21.
fxg5 Qxg5+ 22. Kh1 Qd5+ 23. Kg1 f5 24. f4 Rxc1 25. Qxc1 Qxa2 26. Qc6 h6 27. Rf2
Kh7 28. h3 Qb3 29. Qxa6 Qxe3 30. Qxb5 Qxh3 31. Qe5 Rc8 32. Qe1 Qg3+ 33. Kf1 Rc4
34. Qd2 Ra4 35. Qd1 Rb4 36. Qd2 Rb3 37. Qc2 Qh3+ 38. Ke2 Re3+ 39. Kd2 Qg3 40.
Re2 Rxe2+ 41. Kxe2 Qg2+ 42. Kd3 Qxc2+ 43. Kxc2 Kg8 44. Kd3 Kf7 45. Kc4 g5 46.
fxg5 hxg5 0-1

[Event "19.Int. Boeblinger Open 2002"]
[Site "Boeblingen"]
[Date "2002.12.26"]
[Round "2"]
[White "Duppel, Matthias"]
[Black "Schuetze, Norman"]
[Result "1/2-1/2"]
[WhiteElo "2440"]
[BlackElo "2118"]
[PlyCount "87"]
[EventDate "2002.??.??"]

1. d4 Nf6 2. c4 g6 3. Nc3 Bg7 4. e4 d6 5. Nf3 O-O 6. Be2 e5 7. O-O Nc6 8. d5
Ne7 9. Ne1 Ne8 10. Nd3 f5 11. Bd2 Kh8 12. a4 Ng8 13. Kh1 Ngf6 14. exf5 Bxf5 15.
f4 e4 16. Nf2 h5 17. Rg1 Qe7 18. Be3 c6 19. g3 cxd5 20. cxd5 Rc8 21. h3 Qf7 22.
Qd2 Rxc3 23. bxc3 Qxd5 24. Rad1 Nc7 25. c4 Qxd2 26. Rxd2 d5 27. Kh2 Be6 28. Rc1
dxc4 29. Bxc4 Nfd5 30. Bd4 e3 31. Bxg7+ Kxg7 32. Re2 exf2 33. Bxd5 f1=Q 34.
Rxf1 Bxd5 35. Re7+ Rf7 36. Rxf7+ Kxf7 37. a5 b6 38. Rc1 Ne6 39. axb6 axb6 40.
Rb1 h4 41. gxh4 Be4 42. Rxb6 Bf5 43. Kg3 Ng7 44. Rb7+ 1/2-1/2

[Event "19.Int. Boeblinger Open 2002"]
[Site "Boeblingen"]
[Date "2002.12.26"]
[Round "2"]
[White "Franz, Gerhard"]
[Black "Milosevic, Goran"]
[Result "0-1"]
[WhiteElo "2109"]
[BlackElo "2400"]
[PlyCount "86"]
[EventDate "2002.??.??"]

1. d4 Nf6 2. c4 e6 3. Nc3 Bb4 4. Qc2 O-O 5. a3 Bxc3+ 6. Qxc3 b6 7. Bg5 Bb7 8.
f3 d6 9. e3 Nbd7 10. Bd3 Rc8 11. Ne2 c5 12. Qd2 cxd4 13. exd4 Ba6 14. Rc1 d5
15. cxd5 Bxd3 16. Qxd3 Rxc1+ 17. Nxc1 exd5 18. O-O h6 19. Bh4 Re8 20. Ne2 Qa8
21. Nc3 Qc6 22. Re1 Rxe1+ 23. Bxe1 Qe6 24. Bd2 Nb8 25. Kf2 Nc6 26. b4 Qd6 27.
Kg1 a5 28. b5 Nd8 29. Na4 Ne6 30. Qc3 g5 31. Bc1 Qe7 32. Qe3 Qc7 33. h4 Nf4 34.
hxg5 hxg5 35. Bd2 Qc4 36. g3 Ne6 37. Nxb6 Qxb5 38. Nc8 Qb8 39. Ne7+ Kf8 40.
Ng6+ fxg6 41. Qxe6 Qxg3+ 42. Kh1 Qxf3+ 43. Kg1 Qd1+ 0-1

[Event "19.Int. Boeblinger Open 2002"]
[Site "Boeblingen"]
[Date "2002.12.26"]
[Round "2"]
[White "Gasthofer, Viktor"]
[Black "Pohl, Walter"]
[Result "0-1"]
[WhiteElo "2338"]
[BlackElo "2110"]
[PlyCount "120"]
[EventDate "2002.??.??"]

1. d4 Nf6 2. c4 g6 3. Nc3 Bg7 4. e4 d6 5. f3 O-O 6. Bg5 h6 7. Be3 e5 8. d5 Nbd7
9. Bd3 Nc5 10. Bc2 a5 11. Nge2 Ne8 12. O-O f5 13. exf5 gxf5 14. Qd2 Qh4 15. b3
b6 16. Rab1 Kh8 17. f4 Bd7 18. a3 Nf6 19. h3 Nh5 20. fxe5 dxe5 21. Bxh6 f4 22.
Bxg7+ Kxg7 23. Rf3 Rae8 24. b4 axb4 25. axb4 Nb7 26. Ne4 Nd6 27. Nxd6 cxd6 28.
Nc3 Ng3 29. Ne4 Nf5 30. Qf2 Qh6 31. Ra3 Nd4 32. Nxd6 Qxd6 33. Be4 Bf5 34. Ra7+
Re7 35. Rxe7+ Qxe7 36. Bxf5 Rxf5 37. Kh2 Rf8 38. Qd2 Qg5 39. c5 Qg3+ 40. Kh1 f3
41. gxf3 Qxh3+ 42. Qh2 Qxf3+ 43. Qg2+ Qxg2+ 44. Kxg2 Rc8 45. cxb6 Rb8 46. Kf2
Rxb6 47. Ke3 Kf6 48. Kd3 Rb8 49. Rf1+ Nf5 50. Kc4 e4 51. b5 Ke5 52. Kc5 Nd4 53.
b6 Rd8 54. b7 Rxd5+ 55. Kb6 Rd6+ 56. Ka5 Nc6+ 57. Kb5 e3 58. Kc5 Nb8 59. Rf8
Nd7+ 60. Kc4 e2 0-1

[Event "19.Int. Boeblinger Open 2002"]
[Site "Boeblingen"]
[Date "2002.12.26"]
[Round "2"]
[White "Berger, Steve"]
[Black "Kuci, Blerim"]
[Result "1-0"]
[WhiteElo "2312"]
[BlackElo "2110"]
[PlyCount "45"]
[EventDate "2002.??.??"]

1. e4 d5 2. exd5 Qxd5 3. Nc3 Qa5 4. Bc4 Nf6 5. d4 c6 6. Bd2 Qc7 7. Nge2 Bf5 8.
Ng3 Bg6 9. f4 e6 10. f5 exf5 11. O-O Bd6 12. Qe2+ Kf8 13. Nxf5 Bxh2+ 14. Kh1
Nh5 15. Rae1 Na6 16. Bxa6 bxa6 17. Ne4 a5 18. g4 Bxf5 19. Rxf5 Ng3+ 20. Nxg3
Bxg3 21. Ref1 f6 22. Qe6 Bh4 23. Rxf6+ 1-0

[Event "19.Int. Boeblinger Open 2002"]
[Site "Boeblingen"]
[Date "2002.12.26"]
[Round "2"]
[White "Seidel, Michael"]
[Black "Gasthofer, Alexander"]
[Result "0-1"]
[WhiteElo "2097"]
[BlackElo "2302"]
[PlyCount "56"]
[EventDate "2002.??.??"]

1. e4 e6 2. d4 d5 3. e5 c5 4. Nf3 Nc6 5. Bd3 cxd4 6. O-O f6 7. Qe2 Qc7 8. exf6
Nxf6 9. Re1 Bd6 10. c4 O-O 11. Bg5 Bd7 12. Nbd2 Rae8 13. Rac1 Kh8 14. h3 Qb8
15. Bxf6 Rxf6 16. Ng5 g6 17. h4 Bh2+ 18. Kh1 Bf4 19. Rcd1 Ne5 20. Ndf3 Ng4 21.
Nxd4 e5 22. Nde6 Nxf2+ 23. Qxf2 Bxg5 24. Qg3 Bf4 25. Nxf4 Rxf4 26. cxd5 Qd8 27.
Kg1 Qxh4 28. Qxh4 Rxh4 0-1

[Event "19. Int. Boeblinger Open 2002"]
[Site "Boeblingen"]
[Date "2002.12.27"]
[Round "3"]
[White "Gustafsson, Jan"]
[Black "Bopp, Thomas"]
[Result "1-0"]
[WhiteElo "2554"]
[BlackElo "2205"]
[PlyCount "49"]
[EventDate "2002.??.??"]

1. d4 g6 2. e4 Bg7 3. c4 c5 4. Nf3 Qb6 5. Nc3 cxd4 6. Nd5 Qa5+ 7. b4 Qd8 8.
Nxd4 Nf6 9. Nxf6+ Bxf6 10. Be3 O-O 11. Be2 a5 12. b5 a4 13. h4 d6 14. h5 Nd7
15. hxg6 hxg6 16. f3 Nc5 17. Kf2 Ne6 18. Rc1 Bd7 19. Nc2 Qa5 20. Qg1 Rfc8 21.
Qh2 Nf8 22. Bg5 Qc3 23. Ne3 Qe5 24. f4 Qe6 25. Bg4 1-0

[Event "19. Int. Boeblinger Open 2002"]
[Site "Boeblingen"]
[Date "2002.12.27"]
[Round "3"]
[White "Remmler, Hans-Peter"]
[Black "Jaracz, Pawel"]
[Result "0-1"]
[WhiteElo "2202"]
[BlackElo "2545"]
[PlyCount "58"]
[EventDate "2002.??.??"]

1. e4 c5 2. Nf3 e6 3. d4 cxd4 4. Nxd4 Nc6 5. Nb5 d6 6. c4 Nf6 7. N1c3 a6 8. Na3
b6 9. Be2 Bb7 10. O-O Be7 11. Be3 Nd7 12. f4 O-O 13. Bf3 Nc5 14. g4 Bf6 15. Rc1
g6 16. g5 Bg7 17. Nab1 Qe7 18. Rc2 f6 19. gxf6 Bxf6 20. Rd2 Rad8 21. Na4 Na5
22. Nxb6 Nxe4 23. Bxe4 Bxe4 24. Qa4 Nc6 25. Qxa6 d5 26. Nc3 Bxc3 27. bxc3 Qh4
28. cxd5 Qg4+ 29. Kf2 Qf3+ 0-1

[Event "19. Int. Boeblinger Open 2002"]
[Site "Boeblingen"]
[Date "2002.12.27"]
[Round "3"]
[White "Buhmann, Rainer"]
[Black "Riedel, Holger"]
[Result "1-0"]
[WhiteElo "2527"]
[BlackElo "2204"]
[PlyCount "65"]
[EventDate "2002.??.??"]

1. Nf3 f5 2. c4 Nf6 3. g3 g6 4. Bg2 Bg7 5. O-O O-O 6. Nc3 d6 7. d4 Qe8 8. Re1
Qf7 9. b3 h6 10. Bb2 Na6 11. Qc2 c6 12. e4 f4 13. e5 Bf5 14. Qe2 Nh5 15. Nh4
dxe5 16. dxe5 Nc5 17. Nxf5 Qxf5 18. Ne4 Nxe4 19. Bxe4 Qe6 20. Bf3 fxg3 21. hxg3
Rad8 22. Bg4 Qf7 23. Rad1 Bh8 24. Qe3 Kh7 25. Kg2 a5 26. Rh1 e6 27. Bc3 a4 28.
bxa4 Bg7 29. a5 Rxd1 30. Rxd1 Re8 31. Bf3 Rc8 32. Rd4 Rc7 33. g4 1-0

[Event "19. Int. Boeblinger Open 2002"]
[Site "Boeblingen"]
[Date "2002.12.27"]
[Round "3"]
[White "Galdunts, Sergey"]
[Black "Hoffmann, Hans"]
[Result "1-0"]
[WhiteElo "2486"]
[BlackElo "2192"]
[PlyCount "51"]
[EventDate "2002.??.??"]

1. e4 c5 2. Nf3 e6 3. d3 Nc6 4. g3 g6 5. Bg5 Qb6 6. Nbd2 Qxb2 7. Nc4 Qg7 8. Rb1
f6 9. Bd2 b6 10. Bg2 d5 11. exd5 exd5 12. Ne3 Qd7 13. O-O Nge7 14. c4 d4 15.
Nd5 Nxd5 16. cxd5 Ne7 17. d6 Nc6 18. Re1+ Kf7 19. Ng5+ fxg5 20. Qf3+ Kg7 21.
Bxg5 h6 22. Bf6+ Kh7 23. Qxc6 Rb8 24. Bxh8 Kxh8 25. Re8 Kg7 26. Qxd7+ 1-0

[Event "19. Int. Boeblinger Open 2002"]
[Site "Boeblingen"]
[Date "2002.12.27"]
[Round "3"]
[White "Farago, Ivan"]
[Black "Weise, Martin"]
[Result "1-0"]
[WhiteElo "2474"]
[BlackElo "2154"]
[PlyCount "61"]
[EventDate "2002.??.??"]

1. d4 Nf6 2. c4 Nc6 3. Nf3 e6 4. g3 Bb4+ 5. Bd2 Qe7 6. Nc3 Bxc3 7. Bxc3 Ne4 8.
Rc1 O-O 9. Bg2 Nxc3 10. Rxc3 d6 11. d5 Nd8 12. O-O e5 13. c5 dxc5 14. Qc2 c6
15. Rxc5 Bg4 16. Rd1 cxd5 17. Rc7 Qf6 18. Rxd5 Nc6 19. Rxb7 Rac8 20. Qd2 Be6
21. Rd6 h6 22. Ne1 Nd4 23. e3 Nf5 24. Rd3 Bxa2 25. b3 Bb1 26. Rd5 Qa6 27. Rdd7
Qa3 28. Bd5 Qc1 29. Bc4 Qxd2 30. Rxd2 Be4 31. Rxa7 1-0

[Event "19. Int. Boeblinger Open 2002"]
[Site "Boeblingen"]
[Date "2002.12.27"]
[Round "3"]
[White "Milosevic, Goran"]
[Black "Willim, Michael"]
[Result "1-0"]
[WhiteElo "2400"]
[BlackElo "2153"]
[PlyCount "69"]
[EventDate "2002.??.??"]

1. e4 e6 2. d4 d5 3. Nd2 Be7 4. e5 c5 5. c3 Nc6 6. Ngf3 cxd4 7. cxd4 f6 8. Bd3
Nh6 9. Nb3 Nf7 10. exf6 Bxf6 11. O-O O-O 12. Re1 e5 13. dxe5 Nfxe5 14. Nxe5
Nxe5 15. Rxe5 Bxe5 16. Qh5 Bxh2+ 17. Qxh2 Bf5 18. Bxf5 Rxf5 19. Nd4 Qe7 20. Be3
Re5 21. Qg3 Re4 22. Rc1 Qf6 23. Rd1 h5 24. Qg5 Qxg5 25. Bxg5 Rc8 26. Be3 g6 27.
b3 a6 28. Kf1 Kg7 29. Nf3 d4 30. Bxd4+ Kf8 31. Be3 Rc2 32. g3 Rxa2 33. Rd7 b5
34. Ng5 Re5 35. Nh7+ 1-0

[Event "19. Int. Boeblinger Open 2002"]
[Site "Boeblingen"]
[Date "2002.12.27"]
[Round "3"]
[White "Jaracz, Barbara"]
[Black "Lasslop, Uwe"]
[Result "1-0"]
[WhiteElo "2270"]
[BlackElo "2145"]
[PlyCount "51"]
[EventDate "2002.??.??"]

1. e4 d5 2. exd5 Qxd5 3. Nc3 Qa5 4. Bc4 c6 5. d3 Nf6 6. Nf3 Bg4 7. Bd2 Nbd7 8.
Nd5 Qd8 9. Nxf6+ exf6 10. h3 Be6 11. Bxe6 fxe6 12. Qe2 Kf7 13. Nd4 Qe8 14. O-O
Bc5 15. Nb3 Qe7 16. d4 Bd6 17. Na5 Rab8 18. Qh5+ g6 19. Qh6 Nf8 20. Nc4 Rg8 21.
Nxd6+ Qxd6 22. Bf4 e5 23. dxe5 fxe5 24. Rad1 Qf6 25. Bg5 Qg7 26. Qh4 1-0

[Event "19. Int. Boeblinger Open 2002"]
[Site "Boeblingen"]
[Date "2002.12.27"]
[Round "3"]
[White "Pohl, Walter"]
[Black "Werner, Claus"]
[Result "1-0"]
[WhiteElo "2110"]
[BlackElo "2255"]
[PlyCount "66"]
[EventDate "2002.??.??"]

1. d4 g6 2. c4 Bg7 3. Nc3 c5 4. d5 Bxc3+ 5. bxc3 f5 6. Nf3 Nf6 7. Qc2 d6 8. Bg5
Nbd7 9. Nd2 Qa5 10. f3 O-O 11. e4 fxe4 12. fxe4 Ne5 13. Be2 Bg4 14. Nf3 Bxf3
15. gxf3 Qa6 16. O-O Rf7 17. a4 Raf8 18. Bh6 Rb8 19. h3 Kh8 20. f4 Nxc4 21. a5
Ne3 22. Qb2 b5 23. Rf3 Nf5 24. exf5 gxf5 25. c4 Rg8+ 26. Kh2 bxc4 27. Rg3 Rxg3
28. Kxg3 Qc8 29. Bxc4 Qg8+ 30. Kh2 Qg6 31. Qb8+ Qg8 32. Qxg8+ Kxg8 33. Rg1+ Kh8
1-0

[Event "19. Int. Boeblinger Open 2002"]
[Site "Boeblingen"]
[Date "2002.12.27"]
[Round "3"]
[White "Mueller, Christian"]
[Black "Weber, Dirk"]
[Result "0-1"]
[WhiteElo "1977"]
[BlackElo "2221"]
[PlyCount "44"]
[EventDate "2002.??.??"]

1. e4 c5 2. Nf3 e6 3. d4 cxd4 4. Nxd4 a6 5. Bd3 Qc7 6. O-O Nf6 7. Kh1 d6 8. Nc3
Be7 9. a4 b6 10. Qe2 Bb7 11. f4 h5 12. e5 dxe5 13. fxe5 Ng4 14. Bf4 Nd7 15.
Rad1 g5 16. Bg3 h4 17. Qxg4 hxg3 18. Qxg3 Qxe5 19. Qxe5 Nxe5 20. Be4 Bxe4 21.
Nxe4 Ng4 22. Rf3 Rd8 0-1

[Event "19. Int. Boeblinger Open 2002"]
[Site "Boeblingen"]
[Date "2002.12.27"]
[Round "3"]
[White "Zeh, Rolf"]
[Black "Stoll, Ferdinand"]
[Result "0-1"]
[WhiteElo "2141"]
[BlackElo "2277"]
[PlyCount "64"]
[EventDate "2002.??.??"]

1. d4 f5 2. e4 fxe4 3. Nc3 Nf6 4. Bg5 Nc6 5. d5 Ne5 6. Qd4 Nf7 7. Bxf6 exf6 8.
Nxe4 f5 9. Ng3 g6 10. O-O-O Bh6+ 11. Kb1 O-O 12. f4 Bg7 13. Qd2 Qf6 14. c3 b5
15. Nf3 Rb8 16. Qd4 Qd6 17. Qb4 c5 18. Qa5 b4 19. Ne2 Ba6 20. cxb4 Rxb4 21. Rd2
Rfb8 22. b3 Bxe2 23. Bxe2 Qf6 24. Rc1 Rxf4 25. Qxa7 Rfb4 26. Qxd7 Qa1+ 27. Kc2
Qxa2+ 28. Kd1 Qxb3+ 29. Ke1 Bc3 30. Kf1 Rd8 31. Qe6 Bxd2 32. Ne5 Qxd5 0-1

[Event "19. Int. Boeblinger Open 2002"]
[Site "Boeblingen"]
[Date "2002.12.28"]
[Round "4"]
[White "Jaracz, Pawel"]
[Black "Milosevic, Goran"]
[Result "1-0"]
[WhiteElo "2545"]
[BlackElo "2400"]
[PlyCount "95"]
[EventDate "2002.??.??"]

1. e4 c5 2. Nf3 e6 3. d4 cxd4 4. Nxd4 a6 5. Bd3 Nf6 6. O-O Qc7 7. Qe2 d6 8. c4
Nbd7 9. f4 g6 10. f5 e5 11. Nc2 Bg7 12. Nc3 b6 13. Bg5 Bb7 14. Rac1 h6 15. Bd2
g5 16. b4 Rc8 17. Ne3 Qb8 18. Ncd5 Bf8 19. Nxf6+ Nxf6 20. Nd5 Bxd5 21. cxd5
Rxc1 22. Rxc1 Be7 23. Bxa6 O-O 24. a4 Kg7 25. Rc6 Bd8 26. Kf1 Re8 27. Qc4 Qa7
28. Bb5 Qe7 29. Be3 Rh8 30. Bxb6 Bxb6 31. Rxb6 Qa7 32. a5 Rb8 33. Qc6 Nxe4 34.
Bd3 Nf6 35. Qxd6 Rxb6 36. Qxb6 Qd7 37. Qc6 Qa7 38. Qc5 Qd7 39. Bc2 Nxd5 40. a6
Nf6 41. Ke2 e4 42. a7 e3 43. Kxe3 Ng4+ 44. Ke2 Qb7 45. Qd4+ Nf6 46. Be4 Qa6+
47. Kd2 Qa2+ 48. Kc3 1-0

[Event "19. Int. Boeblinger Open 2002"]
[Site "Boeblingen"]
[Date "2002.12.28"]
[Round "4"]
[White "Michalczak, Thomas"]
[Black "Buhmann, Rainer"]
[Result "0-1"]
[WhiteElo "2274"]
[BlackElo "2527"]
[PlyCount "76"]
[EventDate "2002.??.??"]

1. e4 e6 2. d4 d5 3. Nc3 Nf6 4. Bg5 dxe4 5. Nxe4 Be7 6. Bxf6 gxf6 7. Nf3 Nd7 8.
Bc4 a6 9. Qe2 b5 10. Bb3 Bb7 11. O-O-O Nb6 12. Rhe1 Bd5 13. Bxd5 Nxd5 14. Nc5
c6 15. Kb1 Qb6 16. c4 bxc4 17. Qxc4 Qb5 18. Rc1 Rb8 19. Nd3 O-O 20. Re2 Rfc8
21. Rec2 Qa5 22. Nd2 Nb6 23. Qc3 Qf5 24. Nb3 Nd5 25. Qd2 a5 26. Rxc6 Rxc6 27.
Rxc6 a4 28. Nbc5 Nb4 29. Na6 Nxc6 30. Nxb8 Nb4 31. a3 Nxd3 32. Qc2 Qb5 33. Ka2
Ne1 34. Qc3 Qxb8 35. Qxe1 Qb3+ 36. Ka1 Qd3 37. Qe3 Qxe3 38. fxe3 f5 0-1